000 00474nam a22001337a 4500
005 20180809132442.0
020 _a8126118857
_c900.00
035 _aB-161601, B-161600, B-161602
037 _aDPL
_bENG
245 _aClinical approach to promotion of entrepreneurship among women :
_b[In reference to Asia] /
_cedited by E.D. Setty
260 _aNew Delhi
_bAnmol Publications Pvt. Ltd.
_c2004
300 _axiii, 415p.
_c22 cms.
942 _2ddc
_cEN
_h305.4
_mSET
999 _c65179
_d65179